00371nam a2200145Ia 4500008004100000020002200041041000800063082001800071100001400089245003200103250001200135260004000147300001000187650002800197230711s9999||||xx |||||||||||||| ||und|| a978-93-5014-293-6 aENG a621.385bGU-A aGupta J.B 0aAnalog devices and circuits a1st Ed. c2012aNew DelhibS.K Kataria & Sons a355p. aElectronics Engineering